| 000 | 00673cam a2200205 a 4500 | ||
|---|---|---|---|
| 020 | _a189239555X (looseleaf) | ||
| 020 | _a1892395568 (soft) | ||
| 020 | _a1892395797 (edocument) | ||
| 082 | 0 | 4 |
_a624.18341 _bINT _cN-01, P-89 |
| 245 | 0 | 0 | _aInternational building code 2003. |
| 260 |
_aCountry Club Hills, IL : _bInternational Code Council, _cc2002. |
||
| 300 |
_axii, 656 p. : _bill., maps ; _c28 cm. |
||
| 500 | _aIncludes index. | ||
| 500 | _aIssues for 2006- cataloged as a serial in LC. | ||
| 526 |
_a0 _b0 _c0 _d624_183410000000000_INT |
||
| 650 | 0 |
_aBuilding laws. _943228 |
|
| 650 | 0 |
_aMCE _9379 |
|
| 710 | 2 |
_aInternational Code Council. _926252 |
|
| 942 |
_2ddc _cBK |
||
| 999 |
_c547027 _d547027 |
||